000 00582nam a2200277Ia 4500
005 20260401122307.0
008 008 250103s9999 xx 000 0 eng d
020 _a806127155
037 _aTB
040 _aEDL
040 _beng
040 _cEDL
041 _2eng
041 _aeng
084 _a700.9 PER
084 _qEDL
245 0 _aPostmodern Genres
260 _aNorman
260 _bUniversity of Oklahoma Press
260 _c1989
300 _a276p
942 _cTB
942 _h700.9 PER
999 _c1846298
_d1846298